000 00487nam a2200157 4500
001 115943
003 ES-MaACL
005 20230906190611.0
007 t|
008 061121s1908 sp r ||||1| spa d
245 0 0 _aPanchatantra o cinco series de cuentos /
_ctraducido del sanscrito por D. José Alemany Bolufer.
260 _aMadrid :
_bSucesores de Hernando,
_c1908.
300 _aXVI, 416 p. ;
_c18 cm.
700 1 _aAlemany y Bolufer, José.
_919738
852 _aES-MaACL
_jF-13029
999 _c115943
_d115943